000 00391nam a2200169Ia 4500
008 221030s9999 xx 000 0 und d
020 _a0070581908
041 _aEnglish
082 _a105.23
_bSek
100 _aU. Sekaran
245 0 _aOrganisational Behaviour : Text & Cases
250 _a2nd
260 _bTMH
_aNew Delhi
_c2004
300 _a359
650 _aManagement
942 _cBK
999 _c1998
_d1998